Pietro Testa, 1612-1650 (Record no. 430)

MARC details
000 -CABECERA
campo de control de longitud fija 01015nam a2200241 a 4500
001 - NÚMERO DE CONTROL
campo de control BRCA_497
005 - FECHA Y HORA DE LA ÚLTIMA TRANSACCIÓN
campo de control 20190320203032.0
008 - DATOS DE LONGITUD FIJA--INFORMACIÓN GENERAL
campo de control de longitud fija 880830s1988 paua---##b---l000-0#eng-#
020 ## - NÚMERO INTERNACIONAL ESTÁNDAR DEL LIBRO
Número Internacional Estándar del Libro 0876330774
020 ## - NÚMERO INTERNACIONAL ESTÁNDAR DEL LIBRO
Número Internacional Estándar del Libro 0812279603
040 ## - FUENTE DE LA CATALOGACIÓN
Centro catalogador/agencia de origen DLC
Centro/agencia transcriptor DLC
Centro/agencia modificador DLC
050 #4 - SIGNATURA TOPOGRÁFICA DE LA BIBLIOTECA DEL CONGRESO
Número de clasificación N6923.T4
Número de documento/Ítem .C76 1988
100 1# - ENTRADA PRINCIPAL--NOMBRE DE PERSONA
Nombre de persona Cropper, Elizabeth
Fechas asociadas al nombre 1944-
9 (RLIN) 1708
245 10 - MENCIÓN DE TÍTULO
Título Pietro Testa, 1612-1650
Resto del título Prints and Drawings
Mención de responsabilidad, etc. Elizabeth Cropper with essays by Charles Dempsey ... [et al.].
260 ## - PUBLICACIÓN, DISTRIBUCIÓN, ETC.
Lugar de publicación, distribución, etc. Philadelphia, Pennsylvania
Nombre del editor, distribuidor, etc. Philadelphia Museum of Art
Fecha de publicación, distribución, etc. 1988
300 ## - DESCRIPCIÓN FÍSICA
Extensión civ, 297 p.
Otras características físicas il.
Dimensiones 28 cm.
500 ## - NOTA GENERAL
Nota general Catálogo de la exposición realizada en The Philadelphia Museum of Art (Philadelphia, Pennsylvania), 5 noviembre - 31 diciembre, 1988 y en Arthur M. Sackler Museum, Harvard University Art Museums (Cambridge), 21 enero - 19 marzo, 1989
504 ## - NOTA DE BIBLIOGRAFÍA, ETC.
Nota de bibliografía, etc. Bibliografía : p. 291-297
600 14 - PUNTO DE ACCESO ADICIONAL DE MATERIA--NOMBRE DE PERSONA
Nombre de persona Testa, Pietro
Fechas asociadas al nombre 1611-1650
Subdivisión de forma Exposiciones
9 (RLIN) 1709
653 0# - TÉRMINO DE INDIZACIÓN--NO CONTROLADO
Término no controlado Artes gráficas
700 1# - PUNTO DE ACCESO ADICIONAL--NOMBRE DE PERSONA
Nombre de persona Dempsey, Charles
9 (RLIN) 1710
942 ## - ELEMENTOS DE PUNTO DE ACCESO ADICIONAL (KOHA)
Fuente del sistema de clasificación o colocación Library of Congress Classification
Tipo de ítem Koha Libros
Holdings
Estado de retiro Estado de pérdida Estado dañado No para préstamo Localización permanente Ubicación/localización actual Fecha de adquisición Total de préstamos Signatura topográfica completa Código de barras Fecha visto por última vez Precio válido a partir de Tipo de ítem Koha
El ejemplar forma parte de la colección y puede ser consultado según las políticas vigentes.       Biblioteca del Museo Franz Mayer (Rogerio Casas-Alatriste) Biblioteca del Museo Franz Mayer (Rogerio Casas-Alatriste) 25/06/2008   N6923.T4 .C76 1988 00797 22/03/2019 22/03/2019 Libros